000 00375cam a22001097a 4500
008 180718b1969 xxu||||| |||| 00| 0 eng d
082 _aJ706x41 C91
245 _aReports of the cumbernauld, east kilbride, glenrothes, irvine and livingston development corporations
_cby Her Majesty's
260 _aEdinburgh
_bHer Majesty's
_c1969
300 _a204p
700 _aU.K.Her Majesty's
999 _c416081
_d416081